000 01401nam a2200229Ia 4500
999 _c46172
_d46172
001 13004
003 GE_BSU
005 20240812175021.0
008 181216s2014||||ge |||||||||||||| || ||
020 _a9789941133763
040 _cGE_BSU
041 _ageo
080 _a017.2+027(479.32)+930(479.22)(092) ა-91
245 _aანდრია აფაქიძის კოლექცია /
_cრედაქტორი : ზურაბ გაიპარაშვილი ; კოლექციის აღწერილობა მოამზადა : მაკა ნუცუბიძემ ; ივანე ჯავახიშვილის სახელობის თბილისის სახელმწიფო უნივერსიტეტი.
264 _aთბილისი :
_bთბილისის უნ-ტის გამ-ბა,
_c2014.
300 _a263 გვ. ;
_c21 სმ.
653 _a[ივანე ჯავახიშვილის სახ. თბილ. სახელმწ. უნ-ტის ბიბლიოთეკის კოლექციები]
653 _aანდრია აფაქიძის კოლექციები
653 _aარქეოლოგია
700 _aგაიპარაშვილი, ზურაბ
_eრედაქტორი
_923073
942 _cBK
_2udc